000 00303nam a22001337a 4500
008 180926b xxu||||| |||| 00| 0 eng d
020 _a0838561020
041 _aeng
080 _29th
_a617
100 _a5
101 _aKIR
245 _aMaingot's Abdominal Operations
_cSchwartz,S.I
942 _2udc
_cBK
999 _c48471
_d48471